000 01132nam a2200289 c 4500
003 BLK
005 20180422112223.0
008 180409b bul|||||r ||||||| ||bul||
010 _aKNG00145681000
040 _aBLK
041 _aBUL
_cBUL
080 _aБългарска литература
_b821.163.2
_x-93-1
_z821.163.2-93-1
100 1 _aЖеглов, Иван Илиев
_eпърви автор
_9363798
700 1 _aГелев, Панайот Сотиров
_eхудож.
_9379302
139 _aЖеглов, Иван Илиев
_bЖ 29
245 1 0 _aВесели сметалки
_bСтихове за деца
_cИван Илиев Жеглов; худож. Панайот Сотиров Гелев.
257 _aBGR
260 София
_bОтечество
_c1987
300 _a64 с.
_bс ил.
_c21 см
380 _aDX
500 _a7 117 тир.
852 _aЦб 260990
856 4 _qpdf
_u
856 4 _qpdf
_u
942 _cKNG
_n0
944 _aCR
_c12.07.2013
_l12.07.2013 - от С1,Р / 12.07.2013
_kГеновева_Генчева
944 _aED
_c19.09.2017
_l12.07.2013 - от С1,Р / 12.07.2013
_kНаталия_Любомирова
999 _c139631
_d139631